Revista Derecho Privado : Derecho de consumo /
Guardado en:
| Otros Autores: | , |
|---|---|
| Formato: | Libro |
| Idioma: | Spanish |
| Publicado: |
Buenos Aires :
Ministerio de Justicia y Derechos Humanos de la Nación, Sistema Argentino de Información Jurídica
2014 :
|
| Acceso en línea: | Enlace del recurso |
| Etiquetas: |
Agregar Etiqueta
Sin Etiquetas, Sea el primero en etiquetar este registro!
|
| LEADER | 00806nam a22001695a 4500 | ||
|---|---|---|---|
| 001 | DER.der012727 | ||
| 008 | 180615s2014####ag#||||||||||||||#||spa|| | ||
| 005 | 20220706122151.0 | ||
| 245 | 1 | 0 | |a Revista Derecho Privado : |b Derecho de consumo / |c dirigido por Gustavo Caramelo, y Sebastián Picasso. |
| 260 | |a Buenos Aires : |b Ministerio de Justicia y Derechos Humanos de la Nación, |c 2014 : |b Sistema Argentino de Información Jurídica | ||
| 300 | |a 193 p. | ||
| 022 | |a 22507582 | ||
| 700 | 1 | |a Caramelo, Gustavo |e director | |
| 700 | 1 | |a Picasso, Sebastián |e director | |
| 856 | |u http://www.saij.gob.ar/derecho-privado-8-derecho-consumo-ministerio-justicia-derechos-humanos-nacin-rv000054/123456789-0abc-defg4500-00vrsatsiver |y Enlace del recurso | ||
| 859 | |a DERECHO |b BIB. DERECHO |p 007560 | ||
| 859 | |a DERECHO |b BIB. DERECHO |p 007561 | ||
